[Event "Venice"]
[Site "Venice"]
[Date "1971.??.??"]
[Round "5"]
[White "Cosulich, Roberto"]
[Black "Radulov, Ivan"]
[Result "0-1"]
[WhiteElo "2380"]
[BlackElo "2485"]

1.e4 e5 2.Nf3 Nc6 3.Bb5 a6 4.Ba4 Nf6 5.O-O b5 6.Bb3 Bb7 7.d4 Nxd4 8.Nxd4 exd4
9.c3 Nxe4 10.Re1 Be7 11.Qg4 O-O 12.Rxe4 Bxe4 13.Qxe4 Bf6 14.Bd2 Re8 15.Qd3 c5
16.Bd5 c4 17.Qf3 Qe7 18.g3 Rac8 19.cxd4 Bxd4 20.Bc3 Qf6 21.Kg2 Qxf3+ 22.Kxf3 Rc5
23.Be4 Bxc3 24.Nxc3 b4 25.Na4 Rce5 26.Bb7 Re1 27.Rxe1 Rxe1 28.Bxa6 d5 29.Bb5 Kf8
30.Nb6 c3 31.bxc3 bxc3 32.Ba4 Ra1 33.Ke3 Rxa2 34.Kd3 Rxf2  0-1

[Event "Hoogovens-B"]
[Site "Wijk aan Zee"]
[Date "1971.??.??"]
[Round "?"]
[White "Kostro, Jerzy"]
[Black "Witkowski, Stefan"]
[Result "1-0"]
[WhiteElo "2380"]
[BlackElo "2340"]

1.e4 e5 2.Nf3 Nc6 3.Bb5 a6 4.Ba4 Nf6 5.O-O b5 6.Bb3 Bb7 7.Re1 Bc5 8.c3 d6
9.d4 Bb6 10.Bg5 O-O 11.a4 h6 12.Bh4 Re8 13.axb5 axb5 14.Rxa8 Bxa8 15.Qd3 Na5
16.Bc2 c6 17.Nbd2 Qe7 18.b4 Nb7 19.Nf1 g5 20.Bg3 Nd7 21.Ne3 f6 22.Nf5 Qf8
23.Bb3+ Kh7 24.d5 c5 25.Qxb5 Qf7 26.Ba4 Rd8 27.Qa6 Bc7 28.Bc6 Rb8 29.Ra1 Nb6
30.Qe2 cxb4 31.cxb4 Nd8 32.b5 Nb7 33.h4 Nc5 34.Nd2 Bb7 35.Ra7 Qf8 36.Bxb7 Rxb7
37.Rxb7 Nxb7 38.Qh5 Nc8 39.Nc4 Nb6 40.Nce3 Nc5 41.f3  1-0

[Event "WchT U26"]
[Site "Graz"]
[Date "1972.??.??"]
[Round "4"]
[White "Valenti, Giuseppe"]
[Black "Harandi, Khosro"]
[Result "0-1"]
[WhiteElo "2200"]
[BlackElo "2270"]

1.e4 e5 2.Nf3 Nc6 3.Bb5 a6 4.Ba4 Nf6 5.O-O b5 6.Bb3 Bb7 7.Re1 Bc5 8.c3 d6
9.d4 Bb6 10.Bg5 h6 11.Bh4 O-O 12.a4 Re8 13.axb5 axb5 14.Rxa8 Bxa8 15.Qd3 Qe7
16.Nbd2 Na7 17.c4 bxc4 18.Nxc4 Bxd4 19.Nxd4 exd4 20.Qxd4 Nc6 21.Qd1 Ne5 22.f3 Nxc4
23.Bxc4 Qe5 24.Qb3 d5 25.Bd3 dxe4 26.fxe4 Ng4 27.Bg3 Qd4+ 28.Kh1 Bxe4 29.Bxe4 Rxe4
30.Rxe4 Qxe4 31.Qd1 f5 32.h3 Ne3 33.Qe2 f4 34.Be1 c5 35.Kh2 h5 36.Bc3 Ng4+  0-1

[Event "Hastings7273"]
[Site "Hastings"]
[Date "1972.??.??"]
[Round "9"]
[White "Eley, Brian"]
[Black "Mestel, A Jonathan"]
[Result "1-0"]
[WhiteElo "2345"]
[BlackElo "2200"]

1.e4 e5 2.Nf3 Nc6 3.Bb5 a6 4.Ba4 Nf6 5.O-O b5 6.Bb3 Bb7 7.d4 Nxd4 8.Bxf7+ Kxf7
9.Nxe5+ Kg8 10.Qxd4 c5 11.Qd1 Qe8 12.Nf3 Qxe4 13.Re1 Qg4 14.a4 Bxf3 15.Qxf3 Qxf3
16.gxf3 b4 17.Bf4 d5 18.Nd2 Kf7 19.Nb3 Be7 20.Bg5 Rad8 21.Rad1 Rhe8 22.Re5 c4
23.Na5 Rc8 24.b3 cxb3 25.cxb3 Rc2 26.Bxf6 Bxf6 27.Rxe8 Kxe8 28.Rxd5 Rb2 29.Rd3 Bh4
30.Nc4 Rc2 31.Nd2 Bg5 32.Ne4 Be7 33.Kg2 Rb2 34.f4 Kf7 35.Kf3 Rb1 36.f5 Rh1
37.Kg2 Re1 38.Re3 Rb1 39.h3 Rc1 40.Rd3 Rb1 41.Kf3 Rb2 42.Kf4 Bh4 43.Ke3 Ke7
44.Kf3 Ke8 45.Nc5 Rxf2+ 46.Kg4 Be7 47.Nxa6 Kf7 48.Nc7 h5+ 49.Kxh5 Rf4 50.f6 Bxf6
51.Rd7+ Kg8 52.Nd5 Rf3 53.Nxf6+ gxf6 54.a5 Rf5+ 55.Kg6 Rg5+ 56.Kxf6 Rxa5
57.Rd8+ Kh7 58.Rb8 Rh5 59.Rxb4 Rxh3 60.Rb7+ Kh6 61.b4 Rb3 62.b5 Rb1 63.Rb8 Kh7
64.b6 Rb2 65.Ke6 Kg7 66.Kd6 Kf7 67.Kc6 Rc2+ 68.Kb7 Ke7 69.Rc8 Rd2 70.Rc1 Kd8
71.Kb8 Rd6 72.b7 Rd2 73.Ra1  1-0

[Event "URS-chT Moscow"]
[Site "Moscow"]
[Date "1972.??.??"]
[Round "?"]
[White "Fomin, A."]
[Black "Khuseinov, A."]
[Result "1-0"]
[WhiteElo "2200"]
[BlackElo "2200"]

1.e4 e5 2.Nf3 Nc6 3.Bb5 a6 4.Ba4 Nf6 5.O-O b5 6.Bb3 Bb7 7.Re1 Bc5 8.c3 d6
9.d4 Bb6 10.Bg5 Qe7 11.Bd5 h6 12.Bh4 g5 13.Bg3 O-O-O 14.a4 h5 15.axb5 axb5
16.h4 g4 17.Nfd2 exd4 18.Na3 dxc3 19.bxc3 Nxd5 20.exd5 Ne5 21.Nxb5 Bxd5 22.Qa4 Rhe8
23.c4 Bb7 24.Na7+ Kb8 25.Rxe5 dxe5 26.Nc6+ Bxc6 27.Qxc6 Ba7 28.Qb5+ Ka8 29.Rb1 Bb6
30.Qa6+ Kb8 31.Ra1 Ba7 32.Qxa7+ Kc8 33.Ne4 Qb4 34.Nc5 Rd6 35.Qa8+ Qb8 36.Qe4 c6
37.Qf5+ Kd8 38.Rb1 Qc8 39.Nb7+ Kc7 40.Nxd6 Kxd6 41.Qxf7 Re6 42.Rd1+ Kc5 43.Qa7+ Kxc4
44.Rc1+ Kd5 45.Qc5+ Ke4 46.Qc2+  1-0

[Event "Sarajevo"]
[Site "Sarajevo"]
[Date "1972.??.??"]
[Round "12"]
[White "Jansa, Vlastimil"]
[Black "Minic, Dragoljub"]
[Result "1-0"]
[WhiteElo "2450"]
[BlackElo "2460"]

1.e4 e5 2.Nf3 Nc6 3.Bb5 a6 4.Ba4 Nf6 5.O-O b5 6.Bb3 Bb7 7.d3 Be7 8.Nc3 O-O
9.Re1 d6 10.a4 b4 11.Nd5 Nxd5 12.Bxd5 Na5 13.Bxb7 Nxb7 14.c3 bxc3 15.bxc3 c6
16.d4 Qc7 17.Be3 Na5 18.Qe2 d5 19.Nxe5 f6 20.Nd3 Bd6 21.exd5 Bxh2+ 22.Kh1 Bd6
23.Qf3 cxd5 24.Nb4 g5 25.Nxd5 Qg7 26.Nb6 Rad8 27.Qd5+ Kh8 28.Qxa5 Qh6+ 29.Kg1 f5
30.Nc4 Qh2+ 31.Kf1 Bb8 32.Ne5 f4 33.Nf7+ Kg8 34.Nxd8 fxe3 35.Qxg5+ Kh8 36.Rxe3  1-0

[Event "Skopje ol (Men) prel"]
[Site "Skopje"]
[Date "1972.??.??"]
[Round "2"]
[White "Torre, Eugenio"]
[Black "Harandi, Khosro"]
[Result "0-1"]
[WhiteElo "2400"]
[BlackElo "2270"]

1.e4 e5 2.Nf3 Nc6 3.Bb5 a6 4.Ba4 Nf6 5.O-O b5 6.Bb3 Bb7 7.Re1 Bc5 8.c3 d6
9.a4 h6 10.d4 Bb6 11.axb5 axb5 12.Rxa8 Qxa8 13.Na3 O-O 14.d5 Na5 15.Ba2 c6
16.b4 Nc4 17.Bxc4 bxc4 18.Nxc4 Bc7 19.Nxd6 Bxd6 20.dxc6 Bxc6 21.Qxd6 Bxe4
22.Nh4 Rd8 23.Qxe5 Qa4 24.Qg3 Rd1 25.f3 Qa7+ 26.Kh1 Nh5 27.Rxd1 Nxg3+ 28.hxg3 Bc2
29.Rd2 Bb1 30.g4 Qe7 31.Nf5 Bxf5 32.gxf5 Qe1+ 33.Kh2 Qxc1 34.Rd8+ Kh7 35.Rc8 Qf4+
36.Kg1 Qxf5 37.Rc5 Qe6 38.Kf2 f5 39.Rc7 f4 40.Kg1 h5 41.Rc5 h4 42.Rg5 Kh6  0-1

[Event "Skopje ol (Men) fin-C"]
[Site "Skopje"]
[Date "1972.??.??"]
[Round "9"]
[White "Sacarello, Felix"]
[Black "Uzman, Cavit"]
[Result "0-1"]
[WhiteElo "2200"]
[BlackElo "2200"]

1.e4 e5 2.Nf3 Nc6 3.Bb5 a6 4.Ba4 Nf6 5.O-O b5 6.Bb3 Bb7 7.c3 Nxe4 8.Re1 Na5
9.Bc2 d5 10.d3 Nf6 11.Nxe5 Be7 12.d4 h6 13.Nd2 O-O 14.Nf1 Re8 15.Ng3 Bf8
16.Bf4 Nc4 17.b3 Na3 18.Bd3 b4 19.c4 c5 20.Nf5 dxc4 21.bxc4 cxd4 22.Nxd4 Qb6
23.Ndf3 Rad8 24.Qb3 Bc5 25.Be3 Bxe3 26.Rxe3 Bxf3 27.gxf3 Rxe5 28.Rxe5 Qd4
29.Rae1 Qxd3 30.Qxd3 Rxd3 31.Rc1 Rc3 32.Rd1 Nxc4 33.Rd8+ Kh7 34.Re7 Rxf3
35.Rxf7 Ne5 36.Rb7 a5 37.Ra8 Ra3 38.Rba7 Nf3+ 39.Kg2 Nh5 40.Rf7 Nh4+ 41.Kf1 Rxa2
42.Rb7 Ng6 43.Rxb4 Nhf4 44.Rb1 Ne5 45.Rb7 Ned3  0-1

[Event "Stary Smokovec"]
[Site "Stary Smokovec"]
[Date "1972.??.??"]
[Round "4"]
[White "Timoshchenko, Gennadi A"]
[Black "Szabo, Janos"]
[Result "1-0"]
[WhiteElo "2380"]
[BlackElo "2450"]

1.e4 e5 2.Nf3 Nc6 3.Bb5 a6 4.Ba4 Nf6 5.O-O b5 6.Bb3 Bb7 7.Re1 Be7 8.d4 d6
9.c3 O-O 10.Nbd2 Re8 11.Nf1 Bf8 12.Ng5 Re7 13.Ng3 h6 14.Nf3 g6 15.Nh4 Kh7
16.f4 Bg7 17.f5 g5 18.Nf3 d5 19.exd5 Nxd5 20.f6 Bxf6 21.Nh5 Bh8 22.Qd3+ Kg8
23.Bxg5 hxg5 24.Nxg5 e4 25.Qg3 Qd7 26.Bxd5 Qxd5 27.Nxe4+  1-0

[Event "Stary Smokovec"]
[Site "Stary Smokovec"]
[Date "1972.??.??"]
[Round "8"]
[White "Timoshchenko, Gennadi A"]
[Black "Novak, Ivan"]
[Result "1-0"]
[WhiteElo "2380"]
[BlackElo "2200"]

1.e4 e5 2.Nf3 Nc6 3.Bb5 a6 4.Ba4 Nf6 5.O-O b5 6.Bb3 Bb7 7.c3 Nxe4 8.d4 Na5
9.Bc2 exd4 10.Re1 d5 11.Nxd4 c5 12.Nf5 g6 13.Ng3 Be7 14.Qe2 O-O 15.Nd2 Nxg3
16.Qxe7 Ne4 17.Qxd8 Rfxd8 18.Nxe4 dxe4 19.b3 Rd7 20.Bf4 Re8 21.Rad1 Red8
22.Bc7 Rxd1 23.Bxd1 Rd2 24.Bxa5 Rxa2 25.Bb6  1-0

[Event "JUG-ch"]
[Site "Umag"]
[Date "1972.??.??"]
[Round "9"]
[White "Velimirovic, Dragoljub"]
[Black "Planinec, Albin"]
[Result "1/2-1/2"]
[WhiteElo "2500"]
[BlackElo "2520"]

1.e4 e5 2.Nf3 Nc6 3.Bb5 a6 4.Ba4 Nf6 5.O-O b5 6.Bb3 Bb7 7.a4 Be7 8.axb5 axb5
9.Rxa8 Qxa8 10.Nc3 O-O 11.d3 Na5 12.Nxe5 Nxb3 13.cxb3 b4 14.Ne2 d5 15.Ng3 dxe4
16.Nf5 Re8 17.Qd2 Qa6 18.Nxg7 Kxg7 19.Qg5+ Kf8 20.Qh6+ Kg8  1/2-1/2

[Event "JUG-ch"]
[Site "Umag"]
[Date "1972.??.??"]
[Round "12"]
[White "Minic, Dragoljub"]
[Black "Planinec, Albin"]
[Result "1/2-1/2"]
[WhiteElo "2460"]
[BlackElo "2520"]

1.e4 e5 2.Nf3 Nc6 3.Bb5 a6 4.Ba4 Nf6 5.O-O b5 6.Bb3 Bb7 7.Re1 Bc5 8.c3 O-O
9.d4 Bb6 10.Bg5 h6 11.Bh4 d6 12.a4 exd4 13.cxd4 Re8 14.axb5 axb5 15.Rxa8 Bxa8
16.d5 Na5 17.Bc2 c6 18.dxc6 Bxc6 19.Nc3 g5 20.Bg3 b4 21.Nd5 b3 22.Bxb3 Rxe4  1/2-1/2

[Event "NLD-ch"]
[Site "Leeuwarden"]
[Date "1973.??.??"]
[Round "7"]
[White "Van Baarle, C John"]
[Black "Zuidema, Coenraad"]
[Result "1/2-1/2"]
[WhiteElo "2320"]
[BlackElo "2200"]

1.e4 e5 2.Nf3 Nc6 3.Bb5 a6 4.Ba4 Nf6 5.O-O b5 6.Bb3 Bb7 7.Re1 Bc5 8.c3 O-O
9.d4 Bb6 10.Bg5 h6 11.Bh4 Qe7 12.Nbd2 Kh8 13.dxe5 Nxe5 14.Nxe5 Qxe5 15.Nf3 Qf4
16.Bg3 Qg4 17.Ne5 Qxd1 18.Raxd1 Nxe4 19.Nxd7 Rfe8 20.Nxb6 cxb6 21.Bc7 f6
22.Bxb6 Nd2 23.Rxe8+ Rxe8 24.Bf7 Re7 25.Bg6 Be4 26.Bxe4 Rxe4 27.b3 Re6 28.Bd4 Ne4
29.f3 Nd6 30.Kf2 Kg8 31.Bc5 Nf7 32.Rd2 g5 33.Be3 Kg7 34.Rc2 Kg6 35.Rd2 h5
36.Rd5 Nd6 37.g3 g4 38.Bf4 Nf5 39.Rd8 Rc6 40.Rd3 Re6 41.Bd2 Rc6 42.Rd8 Re6
43.a3 Rc6 44.fxg4 hxg4 45.Ke2 Ng7 46.Rd4 f5 47.Rd3 Ne6 48.Be3 Ng5 49.Bxg5 Kxg5
50.Kd1 f4 51.gxf4+ Kxf4 52.Kc2 Rh6 53.Rd2 Rh3 54.Kb2 Ke3 55.Rg2 Kf3 56.Rc2 Ke4
57.c4 bxc4 58.Rxc4+ Kd5 59.Rxg4  1/2-1/2

[Event "CSR-ch"]
[Site "Luhacovice"]
[Date "1973.??.??"]
[Round "6"]
[White "Lechtynsky, Jiri"]
[Black "Smejkal, Jan"]
[Result "1/2-1/2"]
[WhiteElo "2370"]
[BlackElo "2545"]

1.e4 e5 2.Nf3 Nc6 3.Bb5 a6 4.Ba4 Nf6 5.O-O b5 6.Bb3 Bb7 7.Nc3 Be7 8.d3 O-O
9.Nd5 Na5 10.Nxe7+ Qxe7 11.Bg5 h6 12.Bh4 Nxb3 13.axb3 d6 14.Qe2 Qe6 15.Bg3 g5
16.h4 Nh5 17.hxg5 Qg4 18.Nd4 Qxe2 19.Nxe2 hxg5 20.f3 f5 21.Bf2 f4 22.g4 fxg3
23.Nxg3 Nf4 24.Be3 Bc8 25.Bxf4 gxf4 26.Ne2 Kf7 27.Kf2 Rh8 28.Rh1 Bb7  1/2-1/2

[Event "Madrid"]
[Site "Madrid"]
[Date "1973.??.??"]
[Round "10"]
[White "Tukmakov, Vladimir B"]
[Black "Planinec, Albin"]
[Result "1-0"]
[WhiteElo "2545"]
[BlackElo "2525"]

1.e4 e5 2.Nf3 Nc6 3.Bb5 a6 4.Ba4 Nf6 5.O-O b5 6.Bb3 Bb7 7.d3 Be7 8.Nc3 O-O
9.Bd2 d6 10.a4 Na5 11.Ba2 b4 12.Ne2 d5 13.exd5 Bxd5 14.Bxd5 Qxd5 15.Ng3 Rfe8
16.Re1 Bf8 17.Qe2 c5 18.b3 Nc6 19.Be3 Qd7 20.Ne4 Nd5 21.Nxc5 Qc7 22.Ne4 f5
23.Neg5 h6 24.Nh3 Rad8 25.Kh1 g5 26.Nhg1 g4 27.Nh4 Nc3 28.Qf1 f4 29.Bd2 Nd4
30.Bxc3 bxc3 31.Re4 Qg7 32.Ne2 Nxc2 33.Rd1 Bb4 34.Rc1 Nd4 35.Nxc3 Qb7 36.Qd1 h5
37.Ne2 Ba3 38.Rb1 a5 39.h3 Qe7 40.Nxd4 Qxh4 41.Nc6 Rd5 42.b4 Kh8 43.Qb3 f3
44.Qxd5 fxg2+ 45.Kxg2 Qxh3+ 46.Kg1 g3 47.Qf7 Rg8 48.Qf6+ Kh7 49.Rh4 gxf2+
50.Kxf2 Qg2+ 51.Ke1 Qg1+ 52.Kd2 Bxb4+ 53.Nxb4 Rg2+ 54.Kc3 axb4+ 55.Rhxb4 Qc5+
56.Rc4 Qa3+ 57.Rb3 Qa1+ 58.Kb4  1-0

[Event "DEN-ch"]
[Site "Copenhagen"]
[Date "1974.??.??"]
[Round "9"]
[White "Moller, Lars"]
[Black "Iskov, Gert"]
[Result "1/2-1/2"]
[WhiteElo "2315"]
[BlackElo "2420"]

1.e4 e5 2.Nf3 Nc6 3.Bb5 a6 4.Ba4 Nf6 5.O-O b5 6.Bb3 Bb7 7.c3 Nxe4 8.Bd5 Nf6
9.Bxc6 dxc6 10.Nxe5 Bd6 11.d4 O-O 12.Nd3 Nd7 13.Bf4  1/2-1/2

[Event "Lublin"]
[Site "Lublin"]
[Date "1974.??.??"]
[Round "12"]
[White "Damjanovic, Mato"]
[Black "Grabczewski, Romuald"]
[Result "1-0"]
[WhiteElo "2460"]
[BlackElo "2425"]

1.e4 e5 2.Nf3 Nc6 3.Bb5 a6 4.Ba4 Nf6 5.O-O b5 6.Bb3 Bb7 7.d3 Be7 8.Re1 O-O
9.Bd2 d6 10.Nc3 Nb8 11.a4 c6 12.axb5 axb5 13.Rxa8 Bxa8 14.Ne2 Nbd7 15.Ng3 Nc5
16.Ba2 Bb7 17.Nf5 Bc8 18.b4 Ne6 19.h3 Re8 20.Bb3 Nf8 21.Ng5 Ne6 22.Nf3 Nf8
23.N3h4 Ng6 24.Nxe7+ Rxe7 25.Bg5 Nxh4 26.Bxh4 Re8 27.d4 Qe7 28.d5 Bd7 29.Re3 cxd5
30.Bxd5 Be6 31.Bc6 Rd8 32.Bxb5 d5 33.exd5 Rxd5 34.Bd3 Qxb4 35.Bxf6 gxf6 36.Qe2 h6
37.Rf3 Kg7 38.Qe3 h5 39.Rg3+ Kf8 40.Qh6+ Ke7 41.Rg8 Qe1+ 42.Kh2 Rd8 43.Rxd8 Kxd8
44.Qxf6+ Kc7 45.Qe7+ Kc6 46.f3 h4 47.Be4+ Kb5 48.Qb7+ Ka4 49.Qa6+ Kb4 50.Qd6+  1-0

[Event "CSR-ch"]
[Site "Rimavska Sobota"]
[Date "1974.??.??"]
[Round "6"]
[White "Jansa, Vlastimil"]
[Black "Lechtynsky, Jiri"]
[Result "1-0"]
[WhiteElo "2535"]
[BlackElo "2390"]

1.e4 e5 2.Nf3 Nc6 3.Bb5 a6 4.Ba4 Nf6 5.O-O b5 6.Bb3 Bb7 7.d3 Be7 8.a4 O-O
9.Re1 h6 10.Nc3 b4 11.Nd5 Na5 12.Nxe7+ Qxe7 13.Ba2 b3 14.Bd2 bxa2 15.Bxa5 d6
16.Rxa2 Nh5 17.Bd2 f5 18.Nxe5 fxe4 19.Qxh5 dxe5 20.dxe4 Qc5 21.Qe2 Bxe4 22.b4 Qd5
23.c4 Qf7 24.Bc3 Bb7 25.Bxe5 Qg6 26.f4 Rae8 27.Qe3 Qc6 28.c5 Re6 29.Qd4 Rf7
30.Qc4 Rg6 31.Ree2 Qf3 32.Rad2 Qh3 33.c6 Bxc6 34.Qxc6 Qf5 35.Qa8+ Kh7 36.Qe4 Qh5
37.Re3  1-0

[Event "Stary Smokovec"]
[Site "Stary Smokovec"]
[Date "1974.??.??"]
[Round "1"]
[White "Plachetka, Jan"]
[Black "Pinter, Jozsef"]
[Result "1/2-1/2"]
[WhiteElo "2405"]
[BlackElo "2410"]

1.e4 Nc6 2.Nf3 e5 3.Bb5 a6 4.Ba4 Nf6 5.O-O b5 6.Bb3 Bb7 7.Nc3 h6 8.d3 d6
9.a4 b4 10.Nd5 Na5 11.Ba2 c5 12.Nxf6+ Qxf6 13.c3 bxc3 14.bxc3 Be7 15.Be3 O-O
16.Nd2 Qg6 17.Rb1 Bc8 18.Bd5 Bg4 19.f3 Bh3 20.Qe2 Rab8 21.f4 exf4 22.Bxf4 Be6
23.Qe3 Rfe8 24.Qg3 Qxg3 25.Bxg3 Rec8 26.c4 Rd8 27.h3 Rdc8 28.e5 dxe5 29.Bxe5 Rxb1
30.Rxb1 Nc6 31.Bxc6 Rxc6 32.Rb7 Bd6 33.Nf3 f6 34.Bxd6 Rxd6 35.Ne1 Bf5 36.Rb3 Kf7
37.Kf2 h5 38.Ke3 g5 39.a5 Ke7 40.Rb7+ Rd7 41.Rb3 Rd6 42.Rb7+ Rd7 43.Rb8 Rd8
44.Rxd8 Kxd8 45.Nf3 h4 46.d4 cxd4+ 47.Kxd4 Kd7 48.Kd5 Be6+ 49.Kc5 Kc7 50.Nd2 Bc8
51.Ne4 Bb7 52.Kd4 f5 53.Nxg5 Bxg2 54.Ne6+ Kc6 55.Nf4 Bf1 56.Ng6 Bxh3 57.Nxh4 Bg4
58.Ng6 Bh3 59.Nf4 Bf1 60.Nd5 Kd7 61.Nb4 f4 62.Nxa6 f3 63.Nc5+ Kc6 64.Ne4 Be2
65.Kc3 Bd1 66.Kb4 Be2 67.Nf2 Bf1 68.Ng4 Be2  1/2-1/2

[Event "URS Cup"]
[Site "Tbilisi"]
[Date "1974.??.??"]
[Round "?"]
[White "Bronstein, David I"]
[Black "Kozlov, V."]
[Result "1-0"]
[WhiteElo "2595"]
[BlackElo "2200"]

1.e4 e5 2.Nf3 Nc6 3.Bb5 a6 4.Ba4 Nf6 5.O-O b5 6.Bb3 Bb7 7.Qe2 Be7 8.c3 h6
9.d4 d6 10.Rd1 Qc8 11.Nbd2 O-O 12.Bc2 Re8 13.d5 Nb8 14.Nf1 c6 15.dxc6 Qxc6
16.Ng3 Nbd7 17.Be3 Bf8 18.Nh4 Nc5 19.Nhf5 Rad8 20.Bxc5 dxc5 21.Rxd8 Rxd8
22.Rd1 Rxd1+ 23.Qxd1 g6 24.Ne3 c4 25.Qd8 Bc8 26.Kf1 Kg7 27.Ke2 Be6 28.f3 Bc5
29.Ngf1 b4 30.Qa5 bxc3 31.bxc3 Qb5 32.Qxb5 axb5 33.a4 Nd7 34.axb5 Nb6 35.Nd2 Kf6
36.Ng4+ Bxg4 37.fxg4 Ke7 38.Nf3 Kd6 39.Kd2 Nd7 40.Ke2 Bb6 41.Nd2 Kc5 42.Bb1 Ba5
43.Ba2 Nb6 44.Nb1 Nc8 45.Na3 Nd6 46.b6 Bxb6 47.Bb1 Bd8 48.Bc2 Bg5 49.Nb1 Bf4
50.g3 Bc1 51.Kd1 Bb2 52.Kd2 Kb5 53.Kd1 Ne8 54.Kd2 Nf6 55.h3 Nh7 56.Bd1 Ng5
57.Kc2 Ba1 58.Nd2 Nxh3 59.Be2 Ng5 60.Bxc4+ Kc6 61.Bd5+ Kd7 62.Nb3 Bxc3 63.Kxc3 Ke7
64.Kd3 Nf3 65.Na5 Nh2 66.Nc6+ Kd6 67.Nd8 f6 68.Nf7+ Ke7 69.Nxh6 Kf8 70.g5 Kg7
71.Ke2 fxg5 72.Nf7 Kf6 73.Nd6 Ng4 74.Nc4 Ke7 75.Ne3 Nf6 76.Kf3 Ne8 77.Nc4 Kf6
78.Nb6  1-0

[Event "URS Cup"]
[Site "Tbilisi"]
[Date "1974.??.??"]
[Round "?"]
[White "Lukin, Andrei M"]
[Black "Tseshkovsky, Vitaly"]
[Result "1-0"]
[WhiteElo "2440"]
[BlackElo "2545"]

1.e4 e5 2.Nf3 Nc6 3.Bb5 a6 4.Ba4 Nf6 5.O-O b5 6.Bb3 Bb7 7.d3 Be7 8.Re1 O-O
9.a4 d6 10.Bd2 Nd7 11.Nc3 Nc5 12.Bd5 b4 13.Ne2 Rb8 14.a5 Bf6 15.Be3 Ne7 16.Bxb7 Nxb7
17.c3 bxc3 18.bxc3 Nc6 19.d4 exd4 20.cxd4 Nbxa5 21.Ra4 d5 22.Nc3 dxe4 23.Nxe4 Rb5
24.d5 Nb4 25.Bc5 Bc3 26.Bxf8 Bxe1 27.Bc5 Bc3 28.Nxc3 Rxc5 29.Rxb4 Rxc3 30.Qe1 Rc4
31.Rb2 h6 32.Qxa5 Rc1+ 33.Ne1 Qxd5 34.Qb4 Qb5 35.Qxb5 axb5 36.Kf1  1-0

[Event "Hoogovens"]
[Site "Wijk aan Zee"]
[Date "1974.??.??"]
[Round "11"]
[White "Adorjan, Andras"]
[Black "Planinec, Albin"]
[Result "0-1"]
[WhiteElo "2515"]
[BlackElo "2545"]

1.e4 e5 2.Nf3 Nc6 3.Bb5 a6 4.Ba4 Nf6 5.O-O b5 6.Bb3 Bb7 7.Nc3 Be7 8.d3 O-O
9.Bd2 d6 10.a4 Na5 11.Ba2 b4 12.Ne2 d5 13.exd5 Bxd5 14.Bxd5 Qxd5 15.Ng3 Rfe8
16.Re1 Bf8 17.Qe2 Nc6 18.b3 h6 19.Be3 Qd7 20.Nh4 Nd5 21.Qf3 g6 22.Ne4 f5
23.Nc5 Qf7 24.Nxg6 Bd6 25.Nb7 f4 26.Nxd6 cxd6 27.Bb6 a5 28.Nh4 Nce7 29.d4 Nxb6
30.dxe5 dxe5 31.Rxe5 Qf6 32.Qg4+ Kh7 33.Rae1 Ned5 34.Nf3 Rxe5 35.Rxe5 Rg8
36.Qh5 Qg6 37.Ng5+ Kg7 38.Qg4 Kh8 39.Qh4 Nf6 40.g3 Nbd5 41.Nf3 Rf8 42.Rg5 Qh7
43.Re5 Kg8 44.Nd4 Qg6 45.Ne6 Qxc2 46.Qxh6 Qc1+  0-1

[Event "URS-ch otbor"]
[Site "Cheliabinsk"]
[Date "1975.??.??"]
[Round "?"]
[White "Faibisovich, Vadim Z"]
[Black "Mikhalchishin, Adrian"]
[Result "1-0"]
[WhiteElo "2440"]
[BlackElo "2425"]

1.e4 e5 2.Nf3 Nc6 3.Bb5 a6 4.Ba4 Nf6 5.O-O b5 6.Bb3 Bb7 7.d3 Be7 8.Nc3 O-O
9.Bd2 d6 10.Nd5 Nxd5 11.Bxd5 Qd7 12.a4 Bf6 13.Bg5 Bxg5 14.Nxg5 Nd8 15.Bxb7 Nxb7
16.axb5 Qxb5 17.Qd2 a5 18.b3 Nc5 19.f4 f6 20.Nf3 Rfb8 21.fxe5 dxe5 22.Qc3 a4
23.bxa4 Nxa4 24.Qxc7 Rc8 25.c4 Qb3 26.Qd7 Qb6+ 27.d4 Rd8 28.Rxa4 Rxd7 29.Rxa8+ Rd8
30.c5 Qc7 31.Rxd8+ Qxd8 32.d5 Qa5 33.c6 Kf8 34.h3 Qb6+ 35.Kh2 Ke7 36.Rc1 Qe3
37.Rc4 Qd3 38.Rb4 Kd8 39.Nd4 Qd2 40.Ne6+ Kc8 41.Ra4  1-0

[Event "Portoroz/Ljubljana"]
[Site "Ljubljana"]
[Date "1975.??.??"]
[Round "10"]
[White "Ljubojevic, Ljubomir"]
[Black "Planinec, Albin"]
[Result "1/2-1/2"]
[WhiteElo "2615"]
[BlackElo "2535"]

1.e4 e5 2.Nf3 Nc6 3.Bb5 a6 4.Ba4 Nf6 5.O-O b5 6.Bb3 Bb7 7.d3 Be7 8.a4 O-O
9.Nc3 Na5 10.axb5 axb5 11.Nxb5 Nxb3 12.Rxa8 Qxa8 13.cxb3 Rb8 14.Na3 d5 15.Nxe5 dxe4
16.dxe4 Bxe4 17.f3 Bd5 18.Nac4 Qb7 19.Bg5  1/2-1/2

[Event "URS-chT"]
[Site "Riga"]
[Date "1975.??.??"]
[Round "?"]
[White "Hermlin, Aarne"]
[Black "Seredenko, Vladimir"]
[Result "0-1"]
[WhiteElo "2200"]
[BlackElo "2200"]

1.e4 e5 2.Nf3 Nc6 3.Bb5 a6 4.Ba4 Nf6 5.O-O b5 6.Bb3 Bb7 7.Re1 Bc5 8.c3 O-O
9.d4 Bb6 10.Bg5 h6 11.Bh4 Re8 12.a4 d6 13.axb5 axb5 14.Rxa8 Bxa8 15.Qd3 Na5
16.Bc2 exd4 17.cxd4 g5 18.Nxg5 hxg5 19.Bxg5 Re6 20.e5 dxe5 21.Qg3 Nh5 22.Bxd8+ Nxg3
23.hxg3 exd4 24.Rxe6 fxe6 25.Bd3 Nc6 26.Bg5 Na7 27.Na3 Bc6 28.b4 Kf7 29.f4 Bd7
30.Bd8 Nc6 31.Bg5 Nxb4 32.Bxb5 Bxb5 33.Nxb5 d3+ 34.Kf1 Nd5 35.f5 exf5 36.Ke1 Kg6
37.Bd2 Kh5 38.Nc3 Nxc3 39.Bxc3 c5 40.Kd2 c4 41.Bb4 Bd4 42.Bd6 Kg4 43.Bf4 Bf2
44.Kc3 Bxg3 45.Bd2 Bf4  0-1

[Event "URS-chT"]
[Site "Riga"]
[Date "1975.??.??"]
[Round "?"]
[White "Klovans, Janis"]
[Black "Tseshkovsky, Vitaly"]
[Result "0-1"]
[WhiteElo "2500"]
[BlackElo "2555"]

1.e4 e5 2.Nf3 Nc6 3.Bb5 a6 4.Ba4 Nf6 5.O-O b5 6.Bb3 Bb7 7.c3 Nxe4 8.Re1 Nc5
9.Bd5 Be7 10.d4 exd4 11.cxd4 Ne6 12.Nc3 O-O 13.Be4 Na5 14.d5 f5 15.Bc2 Ng5
16.Nd4 g6 17.h4 Nf7 18.h5 Nd6 19.Bh6 Rf7 20.Qf3 Bg5 21.Qh3 Bxh6 22.hxg6 hxg6
23.Qxh6 Qf6 24.Ne6 dxe6 25.Rxe6 Qh8 26.Qg5 Rg7 27.Rae1 Qh5 28.Qf4 Rh7 29.f3 Rf8
30.Qg3 Rg7 31.Ne2 g5 32.Qe5 Nac4 33.Qc3 Qh4 34.Nd4 b4 35.Qd3 Nxb2 36.Qe3 Ndc4  0-1

[Event "URS-chT"]
[Site "Riga"]
[Date "1975.??.??"]
[Round "?"]
[White "Korsunsky, Rostislav R"]
[Black "Litvinov, V."]
[Result "1/2-1/2"]
[WhiteElo "2200"]
[BlackElo "2470"]

1.e4 e5 2.Nf3 Nc6 3.Bb5 a6 4.Ba4 Nf6 5.O-O b5 6.Bb3 Bb7 7.Re1 Bc5 8.c3 O-O
9.d4 Bb6 10.Bg5 h6 11.Bh4 Re8 12.Qd3 d6 13.Nbd2 Na5 14.Bc2 c5 15.d5 c4 16.Qe2 Kh8
17.Nf1 Bc8 18.Ne3 g5 19.Bg3 Nh5 20.b4 cxb3 21.axb3 Nf4 22.Qd2 Rg8 23.b4 Nc4
24.Nxc4 bxc4 25.Kh1 f5 26.exf5 Qf6 27.Re4 Bxf5 28.Rxc4 a5 29.Bxf5 Qxf5 30.Re1 axb4
31.cxb4 Ra3 32.Rc6 Nxg2 33.Kxg2 Qxf3+ 34.Kg1 Bd4 35.Rxd6 Qg4 36.Kh1 Qf3+
37.Kg1 Qg4  1/2-1/2

[Event "URS-chT"]
[Site "Riga"]
[Date "1975.??.??"]
[Round "?"]
[White "Zakharian, V."]
[Black "Seredenko, Vladimir"]
[Result "1/2-1/2"]
[WhiteElo "2200"]
[BlackElo "2200"]

1.e4 e5 2.Nf3 Nc6 3.Bb5 a6 4.Ba4 Nf6 5.O-O b5 6.Bb3 Bb7 7.Re1 Bc5 8.c3 O-O
9.d3 Re8 10.Bg5 h6 11.Bh4 Be7 12.Nbd2 Nh5 13.Bg3 Nxg3 14.hxg3 Bf6 15.Nf1 Na5
16.Bc2 d5 17.Ne3 c5 18.exd5 Bxd5 19.Nxd5 Qxd5 20.Nd2 Rad8 21.Ne4 Be7 22.Qf3 Qe6
23.Re2 c4 24.g4 g6 25.dxc4 Nxc4 26.Bb3 Rd7 27.Rd1 Rxd1+ 28.Bxd1 Rd8 29.Bb3 Kg7
30.Re1 Qc6 31.Qe2 f6 32.a3 Rd7 33.Ba2 Qd5 34.Bb1 Qf7 35.a4 Qd5 36.axb5 axb5
37.Qc2 f5 38.gxf5 gxf5 39.Ng3 e4 40.Qe2 Qf7  1/2-1/2

[Event "URS-chT"]
[Site "Riga"]
[Date "1975.??.??"]
[Round "?"]
[White "Valiev, Neron"]
[Black "Seredenko, Vladimir"]
[Result "1/2-1/2"]
[WhiteElo "2200"]
[BlackElo "2200"]

1.e4 e5 2.Nf3 Nc6 3.Bb5 a6 4.Ba4 Nf6 5.O-O b5 6.Bb3 Bb7 7.d3 Be7 8.c3 O-O
9.Nbd2 h6 10.Re1 Re8 11.Nf1 Bf8 12.Ng3 Na5 13.Bc2 d5 14.Qe2 c5 15.h3 g6 16.Nh2 Bg7
17.Ng4 Nxg4 18.Qxg4 Qd6 19.Qh4 Qf8 20.Bd2 dxe4 21.dxe4 Nc4 22.Bc1 b4 23.b3 Na3
24.Bxa3 bxa3 25.Rad1 a5 26.Bd3 Bc6 27.Bc4 a4 28.Qg4 Kh7 29.Re2 axb3 30.Bxb3 Bb5
31.Red2 c4 32.Bc2 Re6 33.Nf1 h5 34.Qg3 Bh6 35.Ne3 Rb8 36.Rb1 Ba6 37.Rxb8 Qxb8
38.Rd7 Qe8 39.Ra7 Bf4 40.Qf3 Kg7 41.Nd5 Qb8 42.Rc7 Rd6 43.Re7 Qd8 44.Ra7 Qb8
45.Re7  1/2-1/2

[Event "URS-chT"]
[Site "Riga"]
[Date "1975.??.??"]
[Round "?"]
[White "Lukin, Andrei M"]
[Black "Litvinov, V."]
[Result "1/2-1/2"]
[WhiteElo "2450"]
[BlackElo "2470"]

1.e4 e5 2.Nf3 Nc6 3.Bb5 a6 4.Ba4 Nf6 5.O-O b5 6.Bb3 Bb7 7.d3 Be7 8.Re1 d6
9.a4 O-O 10.Nc3 Na5 11.Ba2 b4 12.Ne2 Rb8 13.Ng3 c5 14.Nd2 Bc8 15.Nc4 Bg4
16.f3 Be6 17.Nxa5 Qxa5 18.Bxe6 fxe6 19.f4 exf4 20.Bxf4 Rbd8 21.b3 Qb6 22.Kh1 Nxe4
23.Rxe4 d5 24.Bc7 Qxc7 25.Rxe6 Bf6 26.Rb1 Rde8 27.Qe2 Qd7 28.Re1 Rxe6 29.Qxe6+ Qxe6
30.Rxe6 Kf7 31.Re2 g6 32.Nf1 Rc8 33.Nd2 h5 34.g3 g5 35.h3 g4 36.hxg4 hxg4
37.Kg2 Bd4 38.Nf1 Kg6 39.Nh2 Kg5 40.Re6 Rf8 41.Re2 a5  1/2-1/2

[Event "Vilnius zt"]
[Site "Vilnius"]
[Date "1975.??.??"]
[Round "13"]
[White "Gulko, Boris F"]
[Black "Tseshkovsky, Vitaly"]
[Result "1/2-1/2"]
[WhiteElo "2480"]
[BlackElo "2555"]

1.e4 e5 2.Nf3 Nc6 3.Bb5 a6 4.Ba4 Nf6 5.O-O b5 6.Bb3 Bb7 7.d3 Be7 8.a4 O-O
9.Re1 d6 10.Nc3 Na5 11.Ba2 b4 12.Ne2 d5 13.exd5 Bxd5 14.Bxd5 Qxd5 15.Ng3 Bd6
16.b3 Rfe8 17.Bb2 c5 18.Nf5 Bc7 19.Qd2 h6 20.Re2 Re6 21.Rae1 Rae8 22.h3 Nc6
23.Ne3  1/2-1/2